000
00248nam a22001217a 4500
020
_a
0002154488
041
_a
ENG
100
_a
Loney
245
_a
The Maharasta Publis Works Mumual
260
_a
Pune
_b
Pune
_c
1998
650
_a
GAE
856
_u
GAE
999
_c
335
_d
335